Stochastic modeling of scientific data /

Guardado en:
Autor Principal: Guttorp, Peter.
Formato: Libro
Idioma:English
Publicado: London : Chapman & Hall, 1995.
Series:Stochastic modeling
Etiquetas: Agregar Etiqueta
Sin Etiquetas, Sea el primero en etiquetar este registro!
LEADER 00841nam a22002175a 4500
001 MAT.inmabb003640
008 950817s1995####enka#####b####001#0#eng##
005 20160219154521.0
245 1 0 |a Stochastic modeling of scientific data /  |c Peter Guttorp. 
260 |a London :  |b Chapman & Hall,  |c 1995. 
300 |a xii, 372 p. :  |b il. ;  |c 24 cm. 
440 0 |a Stochastic modeling 
504 |a Incluye referencias bibliográficas (p. [332]-348) e índices. 
505 0 |a 1. Introduction -- 2. Discrete time Markov chains -- 3. Continuous time Markov chains -- 4. Markov random fields -- 5. Point processes -- 6. Brownian motion and diffusion. 
510 4 |a MR,  |c 96g:62001 
020 |a 0412992817 
100 1 |a Guttorp, Peter. 
084 |a 62-01 (60-01)  |2 msc2000 
010 |a  95070872  
040 |a DLC  |c DLC 
859 |h 62  |i G9855  |p A-7482  |b BIB. MATEMATICA